000 00225nam a22000857a 4500
008 161201b xxu||||| |||| 00| 0 eng d
100 _91712
_aMacaw Books
245 _aFacts and More Transportation
260 _aUSA
_bMacaw Books
_c2009
999 _c4425
_d4425